Statistics for Daily U.S. State Riddle #5

Click here to take the quiz!

General Stats

  • This quiz has been taken 102 times
  • The average score is 30 of 35

Answer Stats

TypeAnswer% Correct
Alphabet LetterA
100%
Found LetterO
100%
Alphabet LetterR
100%
Alphabet LetterE
99%
Alphabet LetterH
99%
Found LetterI
99%
Alphabet LetterM
99%
Found LetterN
99%
Found LetterS
99%
Alphabet LetterW
98%
Alphabet LetterC
96%
Alphabet LetterG
96%
Found LetterL
96%
Alphabet LetterD
94%
Alphabet LetterK
94%
Alphabet LetterT
94%
Alphabet LetterU
94%
Alphabet LetterB
91%
Alphabet LetterY
89%
Alphabet LetterX
87%
Alphabet LetterV
85%
Alphabet LetterF
83%
Alphabet LetterP
80%
Correctly Placed Letter
N
77%
Correctly Placed LetterS
77%
Alphabet LetterZ
77%
Correctly Placed LetterL
76%
Correctly Placed LetterO
74%
Alphabet LetterJ
72%
Correctly Placed LetterI
68%
Correctly Placed LetterI
68%
Correctly Placed LetterI
68%
Mystery U.S. StateIllinois
68%
Correctly Placed LetterL
68%
Alphabet LetterQ
68%

Score Distribution

Percentile by Number Answered

Percent of People with Each Score

Your Score History

You have not taken this quiz